000 00594nam a2200181Ia 4500
003 GCL
008 140319s9999 xx 000 0 ara d
040 _aGCL /
_cGCL
082 0 4 _a017.1
_bم ف
100 1 _aمحمد البشير الشندى
245 1 0 _aفهرس الفنون المنوعة يحتوى على الكتب التى وردت الى المكتبة /
_cمحمد البشير الشندى
260 _a[S.N] :
_bدار الكتب المصرية ،
_c1954
490 _a
650 0 4 _aالكتب
650 0 4 _aالفهارس
650 0 4 _aالمكتبات
942 _2ddc
_cBK
999 _c58700
_d58700